Disenchanted Lyrics - My Chemical Romance - Statistics

General Stats
  • This quiz has been taken 110 times
  • The average score is 284 of 352
Answer Stats
Lyrics % Correct
I
97%
a
96%
so
96%
(so
96%
So
96%
the
95%
We
95%
we
95%
"You
95%
you
95%
an
92%
on
92%
on!
92%
it
91%
It
91%
to
91%
to?
91%
all
89%
all,
89%
go,
89%
go
89%
Go
89%
was
89%
when
89%
And
88%
and
88%
for
88%
me
88%
nothing
88%
with
88%
my
87%
say
87%
That
87%
that
87%
thing"
87%
thing
87%
hate
86%
just
86%
Just
86%
sad
86%
song
86%
They
86%
they
86%
Well,
86%
We'll
86%
But
84%
I'm
84%
never
84%
what
84%
wrong
84%
wrong,
84%
wrong)
84%
ending
83%
long?
83%
long,
83%
long)
83%
long
83%
myself
83%
alright
82%
hospital
82%
If
82%
if
82%
mean
82%
queen
82%
said,
82%
watch
82%
car
80%
day
80%
night
80%
(Night
80%
scene
80%
started
80%
stay
80%
there
80%
wait
80%
out
79%
screen
79%
think
79%
About
78%
cops
78%
crowd
78%
goddamn
78%
listen
78%
our
78%
sold
78%
Because
76%
feel
76%
gave
76%
meant
76%
of
76%
sing
76%
won't
76%
You're
76%
can
75%
lives
75%
watched
75%
Yeah-
75%
yeah,
75%
yeah-
75%
as
74%
heartache
74%
lifelong
74%
This
74%
went
74%
ran
72%
roar
72%
smiled
72%
after
71%
from
71%
lie
71%
lights
71%
matter
71%
oh
71%
gone?
70%
laughed
70%
TV
70%
How
68%
learned
68%
run
68%
will
68%
would
68%
hard
67%
sell
67%
sting
67%
heroes
66%
high
64%
cause
63%
school
63%
show
63%
where
63%
away
61%
could
61%
career
58%
'em
58%
guillotine
57%
old
57%
did
55%
Spit
55%
agree
54%
Bring
53%
Now,
53%
At
51%
at
51%
hide?
49%
shoved
47%
another
46%
way
46%
find
43%
Whoa
38%
Whoa-
38%
Whoa,
38%
whoa,
38%
whoa
38%
pay
34%
Come
32%
Price
29%
I spent
11%
No matching quizzes found
Score Distribution
Percent of People with Each Score
Percentile by Number Answered
Your Score History
You have not taken this quiz